Obálka Náhled e-knihy:
PDF Epub
Pro půjčování e-knih musíte být přihlášeni.
Jak si půjčit online?

Sára /

Napadlo vás někdy, kolik zbloudilých duší pobíhá po nemocničních chodbách? Kolik lidí zemřelo v průběhu let za tamními zdmi a navěky tak uvízlo kdesi mezi světy? Mají vůbec naději přejít na druhý břeh? Nebo snad existuje rozumný důvod, proč zde s námi stále přebývají? Přečtěte si Sářin příběh a uděl...

Celý popis

Uloženo v:
Hlavní autor: Jakoubková, Marie (Autor)
Médium: E-kniha
Jazyk:Czech
Vydáno: Praha : E-knihy jedou, 2022
Tagy:
Žádné tagy
LEADER 01305nam a22002297i 4500
001 311781
007 ta
008 260601s2022 xr ||||| |||| 00| 0 cze d
020 |a 9990003649591 
044 |a xr 
100 1 |a  Jakoubková, Marie  |4 aut 
245 1 0 |a Sára /  |c  Jakoubková, Marie 
264 1 |a Praha :  |b E-knihy jedou,  |c 2022 
300 |a 1 online zdroj (211 stran) 
336 |a text  |b txt  |2 rdacontent 
337 |a bez média  |b n  |2 rdamedia 
338 |a online zdroj  |b cr  |2 rdacarrier 
520 2 |a Napadlo vás někdy, kolik zbloudilých duší pobíhá po nemocničních chodbách? Kolik lidí zemřelo v průběhu let za tamními zdmi a navěky tak uvízlo kdesi mezi světy? Mají vůbec naději přejít na druhý břeh? Nebo snad existuje rozumný důvod, proč zde s námi stále přebývají? Přečtěte si Sářin příběh a udělejte si obrázek sami. 
910 |a RBIT002 
998 |d 364959  |a https://core.palmknihy.cz/api/books/364959/cover?rm64ye  |b https://core.palmknihy.cz/api/books/364959/cover/400?rm64ye  |c https://core.palmknihy.cz/api/books/364959/cover/50?rm64ye  |e   |g 211  |i 9990003649591  |j https://core.palmknihy.cz/api/books/364959/preview.epub  |k https://core.palmknihy.cz/api/books/364959/preview.pdf  |l   |q 49  |r 1  |s https://www.palmknihy.cz/kniha/364959  |t ebook  |y 2022  |z 1 
999 |d 311779